LEADER 02859nam 2200565 450 001 9910819068203321 005 20230810001611.0 010 $a3-11-049257-1 010 $a3-11-049427-2 024 7 $a10.1515/9783110494273 035 $a(CKB)3710000000981752 035 $a(MiAaPQ)EBC4793941 035 $a(DE-B1597)469743 035 $a(OCoLC)979633980 035 $a(OCoLC)980290242 035 $a(DE-B1597)9783110494273 035 $a(Au-PeEL)EBL4793941 035 $a(CaPaEBR)ebr11334836 035 $a(CaONFJC)MIL978210 035 $a(OCoLC)971365362 035 $a(EXLCZ)993710000000981752 100 $a20160916h20172017 uy| 0 101 0 $aeng 135 $aurcnu|||||||| 181 $2rdacontent 182 $2rdamedia 183 $2rdacarrier 200 00$aVanishing viscosity method $esolutions to nonlinear systems /$fby Boling Guo [and three others] 210 1$aBerlin ;$aBoston :$cWalter de Gruyter GmbH & Company, KG,$d[2017] 210 4$d©2017 215 $a1 online resource (570 pages) $cillustrations 311 $a3-11-049528-7 320 $aIncludes bibliographical references. 327 $tFrontmatter -- $tPreface -- $tContents -- $t1. Sobolev Space and Preliminaries -- $t2. The Vanishing Viscosity Method of Some Nonlinear Evolution System -- $t3. The Vanishing Viscosity Method of Quasilinear Hyperbolic System -- $t4. Physical Viscosity and Viscosity of Difference Scheme -- $t5. Convergence of Lax-Friedrichs Scheme, Godunov Scheme and Glimm Scheme -- $t6. Electric-Magnetohydrodynamic Equations -- $tReferences 330 $aThe book summarizes several mathematical aspects of the vanishing viscosity method and considers its applications in studying dynamical systems such as dissipative systems, hyperbolic conversion systems and nonlinear dispersion systems. Including original research results, the book demonstrates how to use such methods to solve PDEs and is an essential reference for mathematicians, physicists and engineers working in nonlinear science. Contents:PrefaceSobolev Space and PreliminariesThe Vanishing Viscosity Method of Some Nonlinear Evolution SystemThe Vanishing Viscosity Method of Quasilinear Hyperbolic SystemPhysical Viscosity and Viscosity of Difference SchemeConvergence of Lax-Friedrichs Scheme, Godunov Scheme and Glimm SchemeElectric-Magnetohydrodynamic EquationsReferences 606 $aViscosity solutions 610 $aVanishing viscosity method. 610 $adissipative systems. 610 $apartial differential equations. 615 0$aViscosity solutions. 676 $a515/.353 700 $aGuo$b Boling, $0879545 702 $aGuo$b Boling 801 0$bMiAaPQ 801 1$bMiAaPQ 801 2$bMiAaPQ 906 $aBOOK 912 $a9910819068203321 996 $aVanishing viscosity method$93940846 997 $aUNINA LEADER 02349nas 2200661-a 450 001 996204686603316 005 20240413012236.0 011 $a1703-8138 035 $a(DE-599)ZDB2066962-8 035 $a(CKB)954921358426 035 $a(CONSER)ce-76300306- 035 $a(EXLCZ)99954921358426 100 $a20760422b19522022 --- b 101 0 $aeng 181 $ctxt$2rdacontent 182 $cc$2rdamedia 183 $acr$2rdacarrier 200 10$aRelations industrielles =$eIndustrial relations 210 $aQuébec, Canada $cDépartement des relations industrielles de la Faculté des sciences sociales de l'Université Laval$d[1951?-2021 or 2022] 215 $a1 online resource 300 $aRefereed/Peer-reviewed 300 $aIssues for have added title: RI = IR. 300 $aTitle from cover. 311 $aPrint version: Relations industrielles (Québec, Québec) (DLC)ce 76300306 (OCoLC)2131677 0034-379X 517 3 $aIndustrial relations 517 3 $aRI 517 3 $aIR 531 $aINDUSTRIAL RELATIONS QUEBEC 531 $aINDUSTRIAL RELATIONS CANADIAN 531 $aRELATIONS INDUSTRIELLES INDUSTRIAL RELATIONS 531 $aINDUSTRIAL RELATIONS 531 $aIND RELAT 531 $aRELAT IND-IND RELAT 531 $aIndustrial Relations (Canada) 531 $aRELAT. IND.-IND. RELAT 531 0 $aRelat. ind. 606 $aIndustrial relations$zCanada$vPeriodicals 606 $aIndustrial relations$vPeriodicals 606 $aRelations industrielles$vPériodiques 606 $aRelations industrielles$zCanada$vPériodiques 606 $aIndustrial relations$2fast$3(OCoLC)fst00971609 607 $aCanada$2fast$1https://id.oclc.org/worldcat/entity/E39PBJkMHVW4rfVXPrhVP4VwG3 608 $aPeriodical 608 $aperiodicals.$2aat 608 $aPeriodicals.$2fast 608 $aPeriodicals.$2lcgft 608 $aPériodiques.$2rvmgf 615 0$aIndustrial relations 615 0$aIndustrial relations 615 6$aRelations industrielles 615 6$aRelations industrielles 615 7$aIndustrial relations. 712 02$aUniversité Laval.$bDépartement des relations industrielles, 906 $aJOURNAL 912 $a996204686603316 920 $aexl_impl conversion 996 $aRelations industrielles$92281480 997 $aUNISA